| 000 | | | 03975nac2a22002891x 450 |
| 001 | | | 71194053-cbb3-43db-aeb2-b6c1ee238066 |
| 005 | | | 20131108173303.0 |
| 100 | ## | $a | 20130708l1909 k y0rusy50 ca |
| 101 | 0# | $a | rus |
| 102 | ## | $a | RU |
| 105 | ## | $a | y z ||||| |
| 122 | 0# | $a | d19091207 |
| 200 | 1# | $a | Долгорукова Павла Дмитриевича |
| | $j | 7 декабря 1909 |
| 215 | ## | $a | 4 листа |
| 251 | ## | $c | Дело |
| 300 | ## | $a | Заголовок дела на папке: Письмо Долгорукова Павла Дмитриевича Таубе М. А. |
| 300 | ## | $a | Рукописный текст |
| 300 | ## | $a | Листы 2, 3 - газетные вырезки |
| 330 | ## | $a | Переписка Таубе Михаила Александровича; Письма к Таубе Михаилу Александровичу |
| 461 | #0 | $1 | 0019dc48c2a-b661-48e8-81e4-2ee63bc2db28 |
| | $1 | 2001 |
| | $a | Таубе Михаил Александрович, барон, генеалог, юрист, вице-директор второго департамента министерства иностранных дел, товарищ министра народного просвещения |
| | $1 | 251 |
| | $c | Фонд |
| | $1 | 852 |
| | $j | 596 |
| 462 | #0 | $1 | 001753b53db-1319-4e87-b6fd-bf89b8f4cfae |
| | $1 | 2001 |
| | $a | Опись дел фонда М. А. Таубе за 1786-1919 гг. |
| | $1 | 251 |
| | $c | Опись |
| | $1 | 852 |
| | $j | 1 |
| 517 | ## | $a | Письмо Долгорукова Павла Дмитриевича Таубе М. А. |
| 600 | #1 | $a | Таубе |
| | $b | М. А. |
| | $f | 1869-1961 |
| | $g | Михаил Александрович |
| 600 | #1 | $a | Долгоруков |
| | $b | П. Д. |
| | $g | Павел Дмитриевич |
| 801 | #0 | $a | RU |
| | $b | GA_RF |
| 801 | #1 | $a | RU |
| | $b | НПО Опыт |
| | $c | 20130708 |
| | $2 | rusmarc |
| 801 | #2 | $a | RU |
| | $b | ПБ им. Б.Н. Ельцина |
| | $c | 20131108 |
| | $g | RCR |
| | $2 | rusmarc |
| 852 | ## | $a | ГА РФ |
| | $j | 171 |
| 937 | ## | $d | 41143306 |
| | $h | ПБ |
| 035 | ## | $a | RuPRLIB51008072 |